Tratado de derecho administrativo. Tomo 2: la defensa del usuario y del administrativo (Registro nro. 3670)
[ vista simple ]
| 000 -Cabecera | |
|---|---|
| Campo de control de longitud fija | 01062nam a22003257a 4500 |
| 005 - Fecha y hora de la última transacción | |
| Campo de control | 20250819141755.0 |
| 008 - Elementos de longitud fija--Información general | |
| Campo de control de longitud fija | 150304b2012 xxu||||| |||| 00| 0 spa d |
| 020 ## - International Standard Book Number | |
| Número Internacional Estándar del Libro (ISBN) | 9789977135298 |
| 041 ## - Idioma | |
| Código de idioma | Español |
| 082 ## - Clasificación Decimal Dewey | |
| Número de clasificación | 342 G652t |
| 100 ## - Entrada principal--Autor personal | |
| Nombre personal | Gordillo, Agustín |
| 9 (RLIN) | 14494 |
| 245 ## - Título propiamente dicho | |
| Título | Tratado de derecho administrativo. Tomo 2: la defensa del usuario y del administrativo |
| 260 ## - Pie de imprenta | |
| Lugar de publicación, distribución, etc. | Costa Rica |
| 260 ## - Pie de imprenta | |
| Nombre del editor, distribuidor, etc. | IJSA |
| 260 ## - Pie de imprenta | |
| Fecha de publicación, distribución, etc. | 2012 |
| 300 ## - Descripción física | |
| Extensión | 780 páginas |
| 490 ## - Serie | |
| Título de la Serie | Dirección y Administración de Empresas |
| 490 ## - Serie | |
| Título de la Serie | Investigación Criminal |
| 505 ## - Nota de contenido | |
| Nota de contenido | Tomo 1: parte general <br/>Tomo 2: la defensa del usuario y del administrado <br/>Tomo 3: el acto administrativo <br/>Tomo 4: el procedimiento administrativo |
| 650 ## - Materia general | |
| Temática (materia general) | DERECHO ADMINISTRATIVO |
| 650 ## - Materia general | |
| Temática (materia general) | LEGÍTIMA DEFENSA |
| 650 ## - Materia general | |
| Temática (materia general) | DERECHO COLECTIVO |
| 650 ## - Materia general | |
| Temática (materia general) | DERECHO SUBJETIVO |
| 650 ## - Materia general | |
| Temática (materia general) | AUDIENCIA PÚBLICA |
| 650 ## - Materia general | |
| Temática (materia general) | LICITACIÓN PÚBLICA |
| 650 ## - Materia general | |
| Temática (materia general) | ARBITRAJE ADMINISTRATIVO |
| 650 ## - Materia general | |
| Temática (materia general) | RESPONSABILIDAD CIVIL |
| 650 ## - Materia general | |
| Temática (materia general) | COSTA RICA |
| 942 ## - Punto de acceso adicional KOHA | |
| Tipo de ítem KOHA | Libro |
| Fuente del sistema de clasificación o colocación | Dewey Decimal Classification |
| Signatura completa | Código de barras | Programa Académico | Tipo de ítem |
|---|---|---|---|
| 342 G652t | 19055 | Libro |